| 000 | 00827nam a2200217Ia 4500 | ||
|---|---|---|---|
| 001 | 17952 | ||
| 003 | GE_BSU | ||
| 008 | 181216s||||||||xx |||||||||||||| ||und|| | ||
| 040 | _cGE_BSU | ||
| 080 | _a811.353'342 | ||
| 100 | _aმაჭავარიანი, გ. | ||
| 245 | _aსაერთო-ქართველური კონსონანტური სისტემა : [მონოგრაფია] | ||
| 245 | _cრედ.გ.ახვლედიანი | ||
| 260 | _aთბილისი | ||
| 260 | _bთბილ. უნ-ტის გამ-ბა | ||
| 260 | _c1965 | ||
| 300 | _a135გვ. ; 21სმ. | ||
| 653 | _aმონოგრაფია | ||
| 653 | _aსაერთო-ქართველური კონსონანტური სისტემა | ||
| 942 | _cBK | ||
| 999 |
_c50995 _d50995 |
||